Detalles MARC
| 000 -LÍDER |
| Campo fijo de descripción fija |
02027aam a2200397 i 4500 |
| 001 - NÚMERO DE CONTROL |
| Campo de control |
768714001 |
| 003 - IDENTIFICADOR DEL NÚMERO DE CONTROL |
| Campo de control |
CO-MdFUSB |
| 005 - FECHA Y HORA DE LA ULTIMA TRANSACCIÓN |
| control field |
20240806115357.0 |
| 007 - CAMPO FIJO DE DESCRIPCIÓN FIJA--INFORMACIÓN GENERAL |
| Campo fijo de descripción fija |
ta |
| 008 - ELEMENTOS DE LONGITUD FIJA -- INFORMACIÓN GENERAL |
| Campo fijo de descripción fija -- Información general |
240805t1988 ck |||| |||| 00| 0 spa d |
| 020 ## - NÚMERO INTERNACIONAL NORMALIZADO PARA LIBROS |
| Número Internacional Normalizado del libro |
958-9039-20-0 |
| 040 ## - FUENTE DE CATALOGACIÓN |
| Agencia que realiza la transcripción |
CO-MdFUSB |
| 041 0# - CÓDIGO DE IDIOMA |
| Código de idioma para texto/pista de sonido o título separado |
spa |
| 082 04 - NÚMERO DE CLASIFICACIÓN DECIMAL DEWEY |
| Número de clasificación |
572 |
| Número de la edición del Dewey |
23 |
| Clave de autor-Numero de item |
M357 |
| 100 ## - ASIENTO PRINCIPAL--NOMBRE PERSONAL |
| Nombre personal |
Marquínez Argote, Germán, |
| Término relacionador |
autor |
| 245 10 - TÍTULO |
| Título del Material |
Educación y cultura popular latinoamericana |
| Mención de responsabilidad, etc. |
/ Germán Marquínez Argote [... y otros siete autores] |
| 250 ## - MENCIÓN DE EDICIÓN |
| Mención de edición |
tercera edición |
| 264 #1 - PRODUCCIÓN, PUBLICACIÓN, DISTRIBUCIÓN, MANUFACTURA, Y COPYRIGHT |
| Nombre del productor, publicador, distribuidor |
Nueva América, |
| Lugar de producción, publicación, distribución, manufactura |
Bogotá, Colombia : |
| Fecha de producción, publicación, distribución, manufactura, o copyright |
[1988] |
| 264 #4 - PRODUCCIÓN, PUBLICACIÓN, DISTRIBUCIÓN, MANUFACTURA, Y COPYRIGHT |
| Fecha de producción, publicación, distribución, manufactura, o copyright |
©1988 |
| 300 ## - DESCRIPCIÓN FÍSICA |
| Extensión |
201 páginas |
| Dimensiones |
; 16 cm |
| 336 ## - TIPO DE CONTENIDO |
| Término de tipo de contenido |
texto |
| Código de tipo de contenido |
txt |
| Fuente |
rdacontent |
| 337 ## - TIPO DE MEDIO |
| Fuente |
rdamedia |
| Nombre del tipo de medio |
sin mediación |
| Código del tipo de medio |
n |
| 338 ## - TIPO DE SOPORTE |
| Fuente |
rdacarrier |
| Nombre del tipo de soporte |
volumen |
| Código Tipo de soporte |
nc |
| 505 ## - NOTA DE CONTENIDO |
| Nota de contenido con formato preestablecido |
Fenomenología de nuestra cultura en "Cien años de soledad" / Germán Marquínez Argote. -- Niveles de expresión de la cultura popular. / Luis José González Álvarez. -- Carácter dependiente de la cultura popular / Francisco Beltrán Peña. -- El concepto de pueblo / Eudoro Rodríguez Albarracín / Teresa Houghton Pérez. -- Cultura y educación en América Latina / Juan José Sanz Adrados. -- ¿Qué clase de cultura generan los medios de comunicación social? / Luis López Forero. -- Arte y cultura popular. / Luis José González Álvarez. -- Mito y cultura popular. Estudio de un caso típico de mitología latinoamericana actual: Tumaco (Colombia) / Roberto Salazar Ramos. -- Características de la religiosidad popular. / Teresa Houghton Pérez. |
| 563 ## - NOTA DE ENCUADERNACIÓN |
| Nota de encuadernación |
Rústico |
| 653 ## - TÉRMINO DE INDIZACIÓN - NO CONTROLADO |
| Término no controlado |
Cultura popular |
| 700 ## - ASIENTO SECUNDARIO - NOMBRE PERSONAL |
| Nombre personal |
González Alvarez, Luis José, |
| 9 (RLIN) |
1724 |
| Responsabilidad |
autor |
| 700 ## - ASIENTO SECUNDARIO - NOMBRE PERSONAL |
| Nombre personal |
Beltrán Peña, Francisco, |
| 9 (RLIN) |
4355 |
| Responsabilidad |
autor |
| 700 ## - ASIENTO SECUNDARIO - NOMBRE PERSONAL |
| Nombre personal |
Rodríguez Albarracín, Eudoro |
| 9 (RLIN) |
4359 |
| Responsabilidad |
autor |
| 700 ## - ASIENTO SECUNDARIO - NOMBRE PERSONAL |
| Nombre personal |
Houghton Pérez, Teresa, |
| 9 (RLIN) |
10468 |
| Responsabilidad |
autor |
| 700 ## - ASIENTO SECUNDARIO - NOMBRE PERSONAL |
| Nombre personal |
Sanz Adrados, Juan José. |
| 9 (RLIN) |
4350 |
| Responsabilidad |
autor |
| 700 ## - ASIENTO SECUNDARIO - NOMBRE PERSONAL |
| Nombre personal |
López Forero, Luis, |
| 9 (RLIN) |
10469 |
| Responsabilidad |
autor |
| 700 ## - ASIENTO SECUNDARIO - NOMBRE PERSONAL |
| Nombre personal |
Salazar Ramos, Roberto J. |
| 9 (RLIN) |
4360 |
| Responsabilidad |
autor |
| 942 ## - TIPO DE MATERIAL (KOHA) |
| Tipo de Item KOHA |
Libros General |
| 945 ## - INFORMACIÓN LOCAL DEL REGISTRO |
| Catalogador |
JTF-925 |